التدريبات الوراثية المعملية / (رقم التسجيلة. 2169)
[ عرض عادي ]
| 000 -الفاتح | |
|---|---|
| حقل البيانات ثابتة الطول | 01030cam a2200253a 44500 |
| 003 - محدد رقم الضبط | |
| رقم الضبط | OSt |
| 005 - وقت وتاريخ اخر تعامل مع التسجيلة | |
| رقم الضبط | 20150408113735.0 |
| 008 - عناصر البيانات ثابتة الطول - معلومات عامة | |
| حقل البيانات ثابتة الطول | 980727s1985 ua a f 00010 ara d |
| 040 ## - مصدر الفهرسة | |
| وكالة الفهرسة الأصلية | SA-RiAUC |
| لغة الفهرسة | ara |
| وكالة النسخ | SA-RiAUC |
| 041 ## - رمز اللغة | |
| رمز لغة النص/ المسارات الصوتية أو العنوان الانفرادي | عربي |
| 072 ## - رمز الفئه الموضوعية | |
| رمز فئه الموضوع | 055 |
| مجموعة رمز فئه الموضوع | علوم الحياة |
| 082 04 - رقم تصنيف ديوى العشرى | |
| رقم التصنيف | 575.1 ج ا ت |
| 092 ## - رقم استدعاء ديوى المحلى | |
| رقم التصنيف | 575.1 |
| رقم المادة | ج ا ت |
| 100 1# - المدخل الرئيسى - إسم شخصى | |
| الإسم الشخصى | جاردنر، إلدون ج. |
| 9 (RLIN) | 2036 |
| 245 12 - بيان العنوان | |
| العنوان | التدريبات الوراثية المعملية / |
| بيان المسئوليه,etc | تأليف أ. ج. رجانردنر، ت. ر. ميرتز ؛ ترجمة عبد الفتاح عرفة طايل، أحمد عبد السلام محمود، سمير عبد العزيز ؛ مراجعة محمد يحيى هيكل. |
| 260 ## - PUBLICATION, DISTRIBUTION, ETC. (IMPRINT) | |
| مكان الناشر او الموزع | القاهرة |
| اسم الناشر او الموزع | الدار العربية للنشر والتوزيع، |
| تاريخ النشر أو التوزيع | 1405] 1985 أو 1406] |
| 300 ## - الوصف المادى | |
| التعداد | 225 ص. |
| تفاصيل ماديه اخرى للوعاء | إيض. ؛ |
| أبعاد الوعاء | 25 سم. 7 |
| 650 ## - المدخل الاضافى بالموضوع-مصطلح موضوعى | |
| التقسيم الفرعي العام | تجارب |
| مصدر الرأس أو المصطلح | aucsh.1 |
| 700 ## - المدخل الاضافى - اسم شخصى | |
| الدور | مترجم.1 |
| 9 (RLIN) | 2037 |
| 700 ## - المدخل الاضافى - اسم شخصى | |
| الدور | مترجم.1 |
| 9 (RLIN) | 2038 |
| 700 ## - المدخل الاضافى - اسم شخصى | |
| الدور | مترجم.1 |
| 9 (RLIN) | 2039 |
| 700 ## - المدخل الاضافى - اسم شخصى | |
| الدور | مراجع.\\ |
| 9 (RLIN) | 1145 |
| 942 ## - عناصر المدخل الإضافي( كوها) | |
| مصدر التصنيف او مخطط الترفيف | Dewey Decimal Classification |
| Koha [default] item type | كتاب |
| حالة الفقد | نموذج السعر الفعال | حالة تلف | ليس للاعارة | رقم الطلب | تاريخ الاكتساب | الموقع الحالي | الباركود | الفرع الرئيسي | Date last seen | نوع المادة فى نظام كوها | مصدر التصنيف او خطة الترفيف | Total Checkouts |
|---|---|---|---|---|---|---|---|---|---|---|---|---|
| 2013-03-10 | 575.1 ج ا ت | 2011-08-04 | مكتبة مجمع الطالبات بالمجمعة (EMF) | 00022293 | مكتبة مجمع الطالبات بالمجمعة (EMF) | 2013-03-10 | كتاب | Dewey Decimal Classification | ||||
| 2013-03-10 | 575.1 ج ا ت | 2011-09-06 | مكتبة مجمع الطالبات بالمجمعة (EMF) | 00032935 | مكتبة مجمع الطالبات بالمجمعة (EMF) | 2013-03-10 | كتاب | Dewey Decimal Classification |
